| 000 | 00775nam a2200229 a 4500 | ||
|---|---|---|---|
| 001 | BRCA_5982 | ||
| 005 | 20190320205303.0 | ||
| 008 | 290311s1958----mx-a######---#000-0#spa-# | ||
| 041 | _aspa | ||
| 044 | _amx | ||
| 050 | 4 |
_aNK2600 _b.B96 1958 |
|
| 100 | 1 |
_aByne, Arthur _911595 |
|
| 245 | 1 | 0 |
_aRepertorio de muebles e interiores españoles _b(siglos XV a XVIII) _cfotografías, diseños y texto por Arthur Byne. |
| 260 |
_aMéxico _bGrijalbo _c1958 |
||
| 300 |
_ax _bil., 300 láminas _c35 cm. |
||
| 500 | _aIncluye lista de láminas e índice alfabético | ||
| 500 | _aDonación de Margarita Espinosa de los Monteros | ||
| 504 | _aBibliografía: p. [10-11] | ||
| 650 | 1 | 4 |
_aMuebles _ySiglo XV-XVIII _zEspaña _915110 |
| 651 | 4 |
_aEspaña _xInteriores _915111 |
|
| 942 |
_2lcc _cB |
||
| 999 |
_c5671 _d5671 |
||